000
00338nam a2200133Ia 4500
008
240624s9999 xx 000 0 und d
041
_a
eng
082
_a
200 EAS
100
_a
EASWARAN EKNATH
245
_a
YOUR LIFE IS YOUR MESSAGE
260
_c
2009
_a
Mumbai
_b
Jaico Publishing House
300
_a
125 : p. : cm. ; 17
365
_c
RS
_b
15
999
_c
14683
_d
14683